|
|
|
|
| LEADER |
00897nam a22002411 4500 |
| 001 |
c000062522 |
| 003 |
CARM |
| 005 |
00000000000000.0 |
| 008 |
700914c19681967ja b 00000 eng |
| 019 |
1 |
|
|a 22525792
|z 45913333
|z 702883
|5 LACONCORD2021
|
| 035 |
|
|
|a (OCoLC)184290
|5 LACONCORD2021
|
| 043 |
|
|
|a a-ja---
|
| 050 |
0 |
0 |
|a LB1044.7
|b .D37
|
| 100 |
1 |
|
|a De Vera, Jose Maria.
|
| 245 |
1 |
0 |
|a Educational television in Japan.
|
| 260 |
|
|
|a Tokyo,
|b Sophia University;
|a Rutland, Vt.,
|b C. E. Tuttle Co.
|c [1968, c1967]
|
| 300 |
|
|
|a x, 140 p.
|c 27 cm.
|
| 504 |
|
|
|a Bibliography: p. [131]-140.
|
| 650 |
|
0 |
|a Television in education
|z Japan.
|
| 852 |
8 |
|
|b CARM
|h A2:AF16C0
|i D01201
|p 0079667
|f BK
|
| 082 |
0 |
4 |
|a 371.33/58/0952
|
| 999 |
f |
f |
|i 45797f83-19ab-5307-a438-59887a1d4073
|s 13395d4e-3dba-5913-8a5a-0a68e0da0346
|
| 952 |
f |
f |
|p Can circulate
|a CAVAL
|b CAVAL
|c CAVAL
|d CARM 1 Store
|e D01201
|f A2:AF16C0
|h Other scheme
|i book
|m 0079667
|